MARC

LEADER 00000nam0a2200000 4500
001 353794
005 20231102010628.0
035 |a (RuTPU)RU\TPU\retro\11051 
090 |a 353794 
100 |a 20200601d m y0rusy50 ca 
101 0 |a rus 
102 |a RU 
105 |a a z 001zy 
200 1 |a Художественные музеи Бельгии  |f Т. А. Седова 
210 |a Москва  |c Искусство  |d 1973 
215 |a 224 с.  |c ил. 
225 1 |a Города и музеи мира 
320 |a Список иллюстраций: с. 220-223 
606 1 |a Искусство  |x Музеи. Постоянные выставки  |2 stltpush  |3 (RuTPU)RU\TPU\subj\73448  |9 86449 
610 1 |a художественные музеи 
610 1 |a Бельгия 
610 1 |a изобразительное искусство 
610 1 |a городские музеи 
610 1 |a Брюссель 
610 1 |a соборы 
610 1 |a картинные галереи 
675 |a 7(069)  |v 4 
700 1 |a Седова  |b Т. А.  |g Татьяна Алексеевна 
801 1 |a RU  |b 63413507  |c 20200601 
801 2 |a RU  |b 63413507  |c 20201201  |g RCR 
942 |c BK